000 00902nam a22002295i 4500
001 160779
003 ES-MaACL
005 20230906212126.0
008 990913s1846 sp a |||| | spa d
040 _aAR
_bspa
_cAR
080 _a728.82(460.224 Z.)
100 1 _aNougués Secall, Mariano.
_9130529
245 1 0 _aDescripción e historia del Castillo de la Aljafería sito extramuros de la ciudad de Zaragoza /
_cescrita por Mariano Nougues Secall ...
260 _aZaragoza :
_b[s.n.],
_c1846 (
_fAntonio Gallifa)
300 _aXII, 136 p., [5] h. de grab. :
_bil. ;
_c22 cm.
599 _aLas h. de grab. son lit. "L. Jayme, Zaragoza, Fco Bello del."
610 2 4 _aPalacio de la Aljafería (Zaragoza)
_9153696
651 4 _aZaragoza-
_xEdificios, estructuras, etc.
_9153697
700 1 _aJayme, L.
_9128285
700 1 _aBello, Francisco.
_9125898
852 _aES-MaACL
_jF-4280
_z-- Enc. piel
999 _c160779
_d160779